| 000 | 00848nam a2200229 a 4500 | ||
|---|---|---|---|
| 999 |
_c5778 _d5778 |
||
| 001 | 5778 | ||
| 003 | BD-JhCC | ||
| 005 | 20220406134022.0 | ||
| 008 | 171126s2014 bg |||| ||a| 000 0 ben d | ||
| 020 | _a9840726919 | ||
| 035 | _a(BD-JhCC)5778 | ||
| 040 |
_aBD-JhCC _dBD-JhCC |
||
| 041 | _aben | ||
| 082 |
_a320.473 _bBHU 2014 |
||
| 100 | _aভূঁইয়া, মোহাম্মদ আব্দুল ওদুদ | ||
| 245 |
_aপৌরনীতি ও সুশাসন দ্বিতীয় পত্র একাদশ-দ্বাদশ শ্রেণী / _cমোহাম্মদ আব্দুল ওদুদ ভূঁইয়া |
||
| 260 |
_aঢাকা : _bঅক্ষরপত্র প্রকাশনী, _c2013. |
||
| 300 |
_a271 p. : _c23 cm. |
||
| 650 | _aCivics | ||
| 942 |
_2ddc _cBK _04 |
||